Имитационная модель блока жидкостной хроматографии; Физико-технические проблемы в науке, промышленности и медицине (ФТПНПМ-2019)

Dades bibliogràfiques
Parent link:Физико-технические проблемы в науке, промышленности и медицине (ФТПНПМ-2019).— 2019.— [С. 213]
Autor principal: Гожимов А. И. Александр Игоревич
Autor corporatiu: Национальный исследовательский Томский политехнический университет Инженерная школа ядерных технологий Отделение ядерно-топливного цикла
Altres autors: Ливенцов С. Н. Сергей Николаевич
Sumari:Заглавие с экрана
Idioma:rus
Publicat: 2019
Col·lecció:Информационные технологии, автоматизация и системы управления
Matèries:
Accés en línia:http://earchive.tpu.ru/handle/11683/56704
Format: MixedMaterials Electrònic Capítol de llibre
KOHA link:https://koha.lib.tpu.ru/cgi-bin/koha/opac-detail.pl?biblionumber=630414

MARC

LEADER 00000naa2a2200000 4500
001 630414
005 20231225113248.0
035 |a (RuTPU)RU\TPU\conf\31412 
035 |a RU\TPU\conf\31410 
090 |a 630414 
100 |a 20191031d2019 k y0rusy50 ca 
101 0 |a rus 
102 |a RU 
105 |a y z 101zy 
135 |a drcn ---uucaa 
181 0 |a i  
182 0 |a b 
200 1 |a Имитационная модель блока жидкостной хроматографии  |f А. И. Гожимов, С. Н. Ливенцов 
203 |a Текст  |c электронный 
225 1 |a Информационные технологии, автоматизация и системы управления 
300 |a Заглавие с экрана 
463 0 |0 (RuTPU)RU\TPU\conf\30850  |t Физико-технические проблемы в науке, промышленности и медицине (ФТПНПМ-2019)  |o сборник научных трудов Международной научно-практической конференции студентов, аспирантов и молодых ученых, г. Томск, 30 сентября - 04 октября 2019 г.  |f Национальный исследовательский Томский политехнический университет (ТПУ) ; под ред. А. Г. Горюнова [и др.]  |v [С. 213]  |d 2019 
610 1 |a труды учёных ТПУ 
610 1 |a электронный ресурс 
610 1 |a имитационные модели 
610 1 |a жидкостная хроматография 
610 1 |a отказы 
610 1 |a оборудование 
610 1 |a технологические процессы 
700 1 |a Гожимов  |b А. И.  |c физик  |c техник Томского политехнического университета  |f 1991-  |g Александр Игоревич  |3 (RuTPU)RU\TPU\pers\34901 
701 1 |a Ливенцов  |b С. Н.  |c специалист в области автоматического управления  |c профессор Томского политехнического университета, доктор технических наук  |f 1955-  |g Сергей Николаевич  |3 (RuTPU)RU\TPU\pers\25467  |9 11406 
712 0 2 |a Национальный исследовательский Томский политехнический университет  |b Инженерная школа ядерных технологий  |b Отделение ядерно-топливного цикла  |3 (RuTPU)RU\TPU\col\23554 
801 2 |a RU  |b 63413507  |c 20191112  |g RCR 
856 4 |u http://earchive.tpu.ru/handle/11683/56704 
942 |c BK